Analýza akustickej kvality dverí na báze dreva : Dizertačná práca
Saved in:
| Main Author: | |
|---|---|
| Format: | Book |
| Language: | Slovak |
| Published: |
Bratislava :
STU v Bratislave SvF,
2004
|
| Tags: |
No Tags, Be the first to tag this record!
|
MARC
| LEADER | 00000nam a22000003a 4500 | ||
|---|---|---|---|
| 001 | stu108453 | ||
| 005 | 20220321181646.2 | ||
| 008 | 060214s2004----xo------------------slo-d | ||
| 040 | |a STU |b slo | ||
| 041 | 0 | |a slo | |
| 044 | |a xo | ||
| 100 | 1 | |a Dlhý, Dušan, |d 1978- |4 aut |u V180 |9 100 |U SvF Stavebná fakulta |T SvF Katedra konštrukcií pozemných stavieb |X 712 |U V180 |Y 18 |7 A000000712 | |
| 245 | 1 | |a Analýza akustickej kvality dverí na báze dreva : |b Dizertačná práca | |
| 260 | |a Bratislava : |b STU v Bratislave SvF, |c 2004 | ||
| 300 | |a 283 s | ||
| 996 | |b 284V033553 |c V*2605/DP-822 |l VVS |s P |a 0 |w stu108453_0001 | ||